000 00505nam a2200181Ia 4500
008 100917s9999 xx 000 0 und d
082 _b53811
100 _aकोल्हटकर प. श्री.
245 _aऋणानुबंधी
260 _bरा. दी. गद्रे.
_c1942
300 _a112
365 _b1.25
520 _aनिबंध
630 _aऋणानुबंधी
650 _aनिबंध
730 _aऋणानुबंधी
942 _cBOOK
999 _c659205
_d659202